Premios/Copas en futbol - Estadísticas

Estadísticas generales
  • Esta prueba ha sido intentada 73 veces
  • La puntuación promedio es 12 de 16
Estadísticas de respuestas
Imagen Respuesta % Correcto
Balon de oro
98%
Champions
95%
Bota de oro
93%
Copa del rey
92%
Guante de oro
90%
Premier League
88%
Bundesliga
86%
La Liga
85%
Ligue 1
85%
Copa america
80%
Copa del Mundo
76%
Libertadores
75%
Serie A
69%
Super balon de oro
61%
A-League
14%
Superliga Turca
2%
No se encontraron pruebas coincidentes
Distribución de puntuación
Porcentaje de gente con cada puntuación
Porcentaje por número respondido
Historial de tus puntuaciones
No has intentado esta prueba.